[Event "POLFINAL MISTRZOSTW POLSKI JUNIOROW 2019 - C17"]
[Site "Ustron"]
[Date "1899-12-30"]
[Round "8.11"]
[White "Kukula, Karol"]
[Black "Wierzbicki, Michal"]
[Result "1-0"]
[WhiteTitle "I"]
[BlackTitle "I++"]
[WhiteElo "1757"]
[BlackElo "1969"]

1. e4 e6 2. d4 d5 3. Nd2 Nf6 4. Bd3 b6 5. Ngf3 Ba6 6. Bxa6 Nxa6 7. exd5 Qxd5 8.
c4 Qb7 9. Qa4+ c6 10. Ne5 b5 11. Qb3 Rd8 12. Ndf3 Bb4+ 13. Kf1 Bd6 14. Bg5 h6
15. Bxf6 gxf6 16. Ng4 Be7 17. Re1 Nc7 18. Ne3 Qa6 19. g3 bxc4 20. Qxc4 Qxc4+ 21.
Nxc4 Nb5 22. Na5 Kd7 23. Rc1 Bb4 24. Nb3 a5 25. a3 a4 26. Nc5+ Bxc5 27. Rxc5 Nd6
28. Kg2 Rb8 29. Rhc1 Rhc8 30. R1c2 Rb5 31. Nd2 f5 32. Nc4 Nxc4 33. R5xc4 Ra5 34.
Rb4 Kd6 35. Rcc4 Rca8 36. Kf3 f6 37. Ke3 R8a6 38. f4 c5 39. dxc5+ Kc7 40. Kd4
Ra8 41. c6 e5+ 42. fxe5 fxe5+ 43. Ke3 R8a7 44. Rh4 Kxc6 45. Rxh6+ Kd5 46. Rf6
Rh7 47. h4 f4+ 48. Kf3 fxg3 49. Kxg3 Raa7 50. Rb5+ Ke4 51. Re6 Rag7+ 52. Kf2 Rf7+
53. Ke2 Rh5 54. Rb4+ Kd5 55. Ra6 Rhf5 56. Ra5+ Kd6 57. Raxa4 Rf2+ 58. Kd3 R7f3+
59. Kc4 Rc2+ 60. Kb5 Rc5+ 61. Ka6 Rc6+ 62. Ka5 Rf7 63. Rb5 Ra7+ 64. Kb4 Re7 65.
Raa5 e4 66. Rd5+ Kc7 67. Ra7+ Kb6 68. Rxe7 1-0

[Event "POLFINAL MISTRZOSTW POLSKI JUNIOROW 2019 - C17"]
[Site "Ustron"]
[Date "1899-12-30"]
[Round "8.12"]
[White "Cisek, Kamil"]
[Black "Bojczewski, Mateusz"]
[Result "0-1"]
[WhiteTitle "I+"]
[BlackTitle "I+"]
[WhiteElo "1963"]
[BlackElo "1895"]

1. d4 Nf6 2. c4 e6 3. g3 d5 4. Bg2 dxc4 5. Nf3 c5 6. O-O Nc6 7. Qa4 Bd7 8. Qxc4
Qb6 9. dxc5 Qxc5 10. Nbd2 Qxc4 11. Nxc4 Nd5 12. e4 Nf6 13. Nfe5 Nxe5 14. Nxe5
Bb5 15. Rd1 Nd7 16. Nxd7 Bxd7 17. e5 Bc6 18. Bxc6+ bxc6 19. Be3 a6 20. Rac1 Rc8
21. Rd4 c5 22. Rdc4 Kd7 23. b4 Be7 24. Bxc5 Bxc5 25. Rxc5 Rxc5 26. Rxc5 Rb8 27.
a3 Rb5 28. Rxb5 axb5 29. f4 Kc6 30. Kf2 Kd5 31. Ke3 Kc4 32. g4 g6 33. g5 Kc3 34.
h3 Kc4 35. Kd2 Kb3 36. Kd3 Kxa3 37. Kc3 Ka4 0-1

[Event "POLFINAL MISTRZOSTW POLSKI JUNIOROW 2019 - C17"]
[Site "Ustron"]
[Date "1899-12-30"]
[Round "8.13"]
[White "Sandomierski, Cyprian"]
[Black "Kukorowski, Jan"]
[Result "1-0"]
[WhiteTitle "I"]
[BlackTitle "I+"]
[WhiteElo "1645"]
[BlackElo "1837"]

1. e4 c5 2. Nf3 Nc6 3. Bb5 d6 4. Bxc6+ bxc6 5. c4 e5 6. O-O Nf6 7. d3 Bg4 8. h3
Bh5 9. Bg5 Be7 10. g4 Bg6 11. Bxf6 gxf6 12. Nh4 h5 13. Nf5 hxg4 14. Qxg4 Bxf5
15. Qxf5 Rg8+ 16. Kh2 Rg5 17. Qf3 Qd7 18. Nc3 O-O-O 19. Rg1 Rh8 20. Rg3 Rgh5 21.
Rg8+ Bf8 22. Rxf8+ Kc7 23. Rxh8 Rxh8 24. Rg1 Rh4 25. Rg4 Rh5 26. Rg8 Rh4 27. Qf5
Qxf5 28. exf5 Rf4 29. Kg3 Rxf5 30. Rg7 Kb6 31. Rxf7 Rg5+ 32. Kh2 Rf5 33. Ne4 d5
34. Rxf6 Rxf6 35. Nxf6 e4 36. dxe4 d4 37. Kg3 Ka5 38. e5 Kb4 39. b3 Kc3 40. Ne4+
Kd3 41. Kf3 1-0

[Event "POLFINAL MISTRZOSTW POLSKI JUNIOROW 2019 - C17"]
[Site "Ustron"]
[Date "1899-12-30"]
[Round "8.14"]
[White "Marciniak, Leonard"]
[Black "Grochowski, Michal"]
[Result "1/2-1/2"]
[WhiteTitle "I+"]
[BlackTitle "I"]
[WhiteElo "1634"]
[BlackElo "1778"]

1. Nf3 c5 2. g3 Nc6 3. Bg2 g6 4. O-O Bg7 5. e4 d6 6. d3 Nf6 7. Nh4 O-O 8. f4 Rb8
9. a4 a6 10. Nc3 Bd7 11. f5 b5 12. axb5 axb5 13. Be3 Nd4 14. h3 Qb6 15. g4 b4
16. Ne2 Nxe2+ 17. Qxe2 Bc6 18. Kh2 Nd7 19. Rab1 b3 20. c3 Qb7 21. c4 e6 22. Bg5
d5 23. f6 Bh8 24. e5 dxc4 25. dxc4 Rfd8 26. Bxc6 Qxc6 27. Nf3 Rb4 28. Bd2 Ra4
29. Bc3 Nb6 30. Rbd1 Rc8 31. Qd2 Qc7 32. Qh6 Bxf6 33. Qf4 Bg7 34. Nd2 Nd5 35.
Qf3 Nxc3 36. bxc3 Bxe5+ 37. Kg2 Ra2 38. Kg1 Rc2 39. Ne4 Bd4+ 40. Rf2 Rxf2 41.
Nxf2 Bxf2+ 42. Qxf2 Qe5 43. Rf1 Rc7 44. Qf3 Kg7 45. Qd3 Ra7 46. Rf2 Ra2 47. Rxf7+
Kxf7 48. Qd7+ Kf8 49. Qd8+ Kg7 50. Qe7+ Kg8 51. Qe8+ Kg7 52. Qe7+ Kh6 53. Qh4+
Kg7 1/2-1/2

[Event "POLFINAL MISTRZOSTW POLSKI JUNIOROW 2019 - C17"]
[Site "Ustron"]
[Date "1899-12-30"]
[Round "8.17"]
[White "Golinski, Kacper"]
[Black "Kocierz, Pawel"]
[Result "1-0"]
[WhiteTitle "I"]
[BlackTitle "II"]
[WhiteElo "1736"]
[BlackElo "1350"]

1. e4 e5 2. Nf3 d6 3. Bc4 Be7 4. Nc3 Nf6 5. d4 exd4 6. Nxd4 O-O 7. O-O Bd7 8. Re1
Nc6 9. Nde2 Ne5 10. Bb3 Be6 11. Nd4 Bxb3 12. axb3 Nfd7 13. Nf5 Re8 14. Nd5 Bf8
15. f3 g6 16. Nh6+ Kh8 17. Be3 c6 18. Nc3 Qh4 19. Qd2 f6 20. Ng4 Nxg4 21. fxg4
Qxg4 22. Bxa7 d5 23. h3 Qh5 24. Bf2 Bh6 25. Qd4 Rxa1 26. Rxa1 Re5 27. Ra8+ Kg7
28. Rd8 Nf8 29. Qb4 Kg8 30. Bc5 Rxe4 31. Nxe4 Qd1+ 32. Kh2 Bf4+ 33. Ng3 1-0

[Event "POLFINAL MISTRZOSTW POLSKI JUNIOROW 2019 - C17"]
[Site "Ustron"]
[Date "1899-12-30"]
[Round "8.18"]
[White "Wilgosz, Jan"]
[Black "Drygas, Wojciech"]
[Result "1-0"]
[WhiteTitle "II"]
[BlackTitle "II"]
[WhiteElo "1477"]
[BlackElo "1477"]

1. e4 c5 2. Nc3 g6 3. f4 Bg7 4. Nf3 e6 5. e5 d6 6. Ne4 dxe5 7. fxe5 Nc6 8. Bb5
Qc7 9. Nd6+ Kf8 10. Bxc6 Qxc6 11. O-O f5 12. exf6 Bxf6 13. Nxc8 Rxc8 14. Qe2 Kg7
15. d3 b6 16. Ne5 Qd5 17. Ng4 h5 18. Nxf6 Nxf6 19. Bd2 Qd4+ 20. Qf2 Nd5 21. c4
Qxf2+ 22. Rxf2 Nf6 23. Bc3 Rhf8 24. Raf1 e5 25. Bxe5 Rc6 26. Bxf6+ Rcxf6 27. Rxf6
Rxf6 28. Rxf6 Kxf6 29. Kf2 g5 1-0

[Event "POLFINAL MISTRZOSTW POLSKI JUNIOROW 2019 - C17"]
[Site "Ustron"]
[Date "1899-12-30"]
[Round "8.19"]
[White "Rudzinski, Damian"]
[Black "Zolkiewski, Jakub"]
[Result "0-1"]
[WhiteTitle "II"]
[BlackTitle "I"]
[WhiteElo "1015"]
[BlackElo "1752"]

1. e4 e6 2. d4 d5 3. exd5 exd5 4. Bd3 Nc6 5. Nf3 Bg4 6. c3 Qd7 7. h3 Be6 8. Bf4
Bd6 9. Bxd6 Qxd6 10. O-O O-O-O 11. Ng5 Nh6 12. Nxe6 fxe6 13. Nd2 e5 14. Bb5 e4
15. b4 Ne7 16. Re1 c6 17. Bf1 Nhf5 18. a4 h5 19. b5 g5 20. Nb3 g4 21. bxc6 Nxc6
22. Nc5 Rdg8 23. Qb3 Rg7 24. Nxb7 Rxb7 25. Ba6 Nd8 26. Bxb7+ Nxb7 27. Rab1 Rh7
28. Rxe4 gxh3 29. Re8+ Nd8 30. Re5 Ne7 31. c4 Rg7 32. g3 Nec6 33. Rxd5 Qg6 34.
Kh2 Rb7 35. Rb5 Nxd4 36. Qc3 Nxb5 37. Rxb5 Qc6 38. f3 Re7 39. Qd3 Rc7 40. Qf5+
Qe6 41. Qxe6+ Nxe6 42. Rxh5 Rxc4 43. a5 Kb7 44. Kxh3 Ka6 45. g4 Nf4+ 46. Kh4 Nxh5
47. Kxh5 Kxa5 48. g5 Rc5 49. f4 Kb4 50. Kh6 Rf5 0-1

[Event "POLFINAL MISTRZOSTW POLSKI JUNIOROW 2019 - C17"]
[Site "Ustron"]
[Date "1899-12-30"]
[Round "8.20"]
[White "Kucza, Arkadiusz"]
[Black "Drozdzal, Michal"]
[Result "0-1"]
[WhiteTitle "II"]
[BlackTitle "II+"]
[WhiteElo "1384"]
[BlackElo "1509"]

1. e4 c5 2. Nf3 Nc6 3. d4 cxd4 4. Nxd4 Nf6 5. Nc3 e5 6. Nb3 Bb4 7. Bd3 d5 8. exd5
Nxd5 9. Bd2 Bxc3 10. Bxc3 Nxc3 11. bxc3 O-O 12. O-O Qg5 13. Re1 f5 14. Bc4+ Kh8
15. Bd5 f4 16. Nd2 Bg4 17. Nf3 Qe7 18. Qd3 Rad8 19. c4 Nb4 20. Qe4 Bxf3 21. gxf3
Qg5+ 22. Kf1 Qf5 23. Bxb7 Nxc2 24. Qxf5 Rxf5 25. Be4 Nxe1 26. Bxf5 Nxf3 27. Rc1
g6 28. Be6 Nd4 29. Bd5 Kg7 30. f3 Kf6 31. Rb1 Nc2 32. Kf2 Ne3 33. Rb5 Nxd5 34.
cxd5 Ke7 35. Ke2 Kd6 36. Kd3 Rc8 37. Ra5 Rc7 38. h4 Rb7 39. Kc4 Rc7+ 40. Kd3 Rb7
41. Kc4 Rc7+ 42. Kd3 a6 43. a3 Rb7 44. Kc4 Rb6 45. Rc5 Kd7 46. Ra5 h6 47. Kc3
Kd6 48. Kc4 g5 49. hxg5 hxg5 50. Ra4 e4 51. fxe4 g4 52. Kd3 g3 53. Ke2 g2 54.
Kf2 Rb2+ 55. Kg1 f3 56. Rxa6+ Ke5 57. Rg6 Rb1+ 58. Kf2 Rf1+ 59. Ke3 g1=Q+ 0-1

[Event "POLFINAL MISTRZOSTW POLSKI JUNIOROW 2019 - C17"]
[Site "Ustron"]
[Date "1899-12-30"]
[Round "8.21"]
[White "Karas, Kacper"]
[Black "Bienias, Michal"]
[Result "0-1"]
[WhiteTitle "II"]
[BlackTitle "III"]
[WhiteElo "1133"]
[BlackElo "1285"]

1. e4 c5 2. Nf3 g6 3. d4 cxd4 4. c3 dxc3 5. Bc4 Bg7 6. Nxc3 Qa5 7. Qb3 e6 8. Bf4
a6 9. O-O Ne7 10. Bd6 Nbc6 11. Nd5 exd5 12. exd5 Nf5 13. Rfe1+ Kd8 14. dxc6 Nxd6
15. Bxf7 Rf8 16. Rac1 bxc6 17. Ng5 Qb5 18. Qg3 Nxf7 19. Ne6+ dxe6 20. Rcd1+ Ke8
21. Qa3 Ra7 22. Re3 Rb7 23. Rxe6+ Bxe6 0-1

[Event "POLFINAL MISTRZOSTW POLSKI JUNIOROW 2019 - C17"]
[Site "Ustron"]
[Date "1899-12-30"]
[Round "9.1"]
[White "Zerebiec, Maurycy"]
[Black "Bujalski, Mateusz"]
[Result "0-1"]
[WhiteTitle "I"]
[BlackTitle "I"]
[WhiteElo "1825"]
[BlackElo "1650"]

1. e4 c5 2. c4 Nc6 3. Nc3 g6 4. g3 Bg7 5. Bg2 d6 6. d3 Nf6 7. Rb1 O-O 8. Nge2 e5
9. O-O Ne8 10. Nd5 Nc7 11. a3 Nxd5 12. exd5 Nd4 13. b4 b6 14. Be3 Bd7 15. h3 f5
16. Bxd4 cxd4 17. f4 h5 18. h4 Qf6 19. Qc2 Rac8 20. fxe5 dxe5 21. c5 Bh6 22. d6
Be3+ 23. Kh1 f4 24. Ng1 Bf5 25. Bd5+ Kh8 26. Kg2 fxg3 27. Nf3 Qxd6 28. Bb7 Rc7
29. c6 Qe6 30. Ng5 Bxg5 31. hxg5 Bh3+ 32. Kg1 Bxf1 33. Rxf1 Rxf1+ 34. Kxf1 Qf5+
35. Kg2 Qf4 36. Qe2 h4 37. Kh3 Qxg5 38. Qg2 Qf5+ 39. Kxh4 Qf4+ 40. Kh3 Rh7# 0-1

[Event "POLFINAL MISTRZOSTW POLSKI JUNIOROW 2019 - C17"]
[Site "Ustron"]
[Date "1899-12-30"]
[Round "9.2"]
[White "Maciejewski, Kamil"]
[Black "Kulesza, Andrzej"]
[Result "1-0"]
[WhiteTitle "I+"]
[BlackTitle "I+"]
[WhiteElo "2007"]
[BlackElo "1971"]

1. Nf3 Nf6 2. g3 d5 3. Bg2 e6 4. O-O Be7 5. d3 O-O 6. Nbd2 b6 7. e4 dxe4 8. Ng5
Bb7 9. Ngxe4 Nxe4 10. Nxe4 Qc8 11. Qh5 Nd7 12. Bg5 Bxg5 13. Qxg5 Rb8 14. h4 Qd8
15. Qf4 Ba8 16. Rfe1 Rc8 17. Rad1 e5 18. Qf5 g6 19. Qxd7 1-0

[Event "POLFINAL MISTRZOSTW POLSKI JUNIOROW 2019 - C17"]
[Site "Ustron"]
[Date "1899-12-30"]
[Round "9.3"]
[White "Distel, Pawel"]
[Black "Grochol, Kamil"]
[Result "1/2-1/2"]
[WhiteTitle "I"]
[BlackTitle "I"]
[WhiteElo "1809"]
[BlackElo "1896"]

1. e4 d6 2. Nc3 Nf6 3. f4 c5 4. Bb5+ Nc6 5. Nf3 Bd7 6. d3 e6 7. O-O Be7 8. Kh1
a6 9. Bxc6 Bxc6 10. Qe1 O-O 11. Nd1 b5 12. Ne3 Nd7 13. f5 Ra7 14. Qg3 Re8 15.
Ng4 Kh8 16. f6 Bxf6 17. Qxd6 Qc7 18. Qxc7 Rxc7 19. Bf4 Rb7 20. Nfe5 Bxe5 21. Nxe5
Nxe5 22. Bxe5 Rd8 23. Rae1 Kg8 24. Kg1 f6 25. Bf4 e5 26. Bc1 Rbd7 27. Rf2 c4 28.
dxc4 bxc4 29. c3 Kf7 30. Rfe2 Ke6 31. Kf2 1/2-1/2

[Event "POLFINAL MISTRZOSTW POLSKI JUNIOROW 2019 - C17"]
[Site "Ustron"]
[Date "1899-12-30"]
[Round "9.4"]
[White "Pytel, Maciej"]
[Black "Michalowski, Patryk"]
[Result "1-0"]
[WhiteTitle "k"]
[BlackTitle "I"]
[WhiteElo "1949"]
[BlackElo "1769"]

1. f4 d5 2. Nf3 g6 3. g3 Bg7 4. Bg2 Nf6 5. O-O O-O 6. d3 b6 7. c4 e6 8. Ne5 Bb7
9. Nc3 Nbd7 10. Nxd7 Qxd7 11. Qc2 c5 12. cxd5 Nxd5 13. Nxd5 exd5 14. e3 f5 15.
Rd1 Rad8 16. d4 c4 17. Bd2 Rfe8 18. Kf2 Bf8 19. Bf3 b5 20. a3 Qe6 21. Rg1 Qf6
22. Rae1 Bd6 23. Ba5 Rd7 24. Kf1 Rde7 25. Qf2 Re6 26. g4 fxg4 27. Bxg4 Re4 28.
Bf3 R4e7 29. Rg5 Qf7 30. Bd2 h6 31. Rg1 Qf5 32. Rg2 Kh7 33. Kg1 Qc2 34. Qg3 Qf5
35. Kh1 g5 36. Bg4 Qf7 37. Qh3 Bxf4 38. Rf1 Rf8 39. exf4 1-0

[Event "POLFINAL MISTRZOSTW POLSKI JUNIOROW 2019 - C17"]
[Site "Ustron"]
[Date "1899-12-30"]
[Round "9.5"]
[White "Kozlowski, Pawel"]
[Black "Iwanczuk, Krzysztof"]
[Result "1-0"]
[WhiteTitle "I"]
[BlackTitle "I"]
[WhiteElo "1850"]
[BlackElo "1857"]

1. b3 d5 2. Bb2 c5 3. e3 Nf6 4. h3 Nc6 5. d3 e5 6. Nd2 Bd6 7. g4 h6 8. Bg2 Be6
9. Ne2 Qc7 10. a3 Ne7 11. c4 d4 12. exd4 exd4 13. b4 Rd8 14. bxc5 Bxc5 15. Nb3
Qb6 16. Nxc5 Qxc5 17. Qa4+ Nc6 18. Qb5 Nd7 19. Rd1 Qd6 20. Qxb7 Nde5 21. f4 Rb8
22. Qa6 Rxb2 23. fxe5 Rxe2+ 24. Kxe2 Qxe5+ 25. Kd2 Qe3+ 26. Kc2 Ne5 27. Qb5+ Bd7
28. Qb8+ Ke7 29. Qb4+ Kd8 30. Be4 Re8 31. Qb8+ Bc8 32. Bf5 Nd7 33. Bxd7 Kxd7 34.
Qxa7+ Kd8 35. Qa5+ Kd7 36. Rhe1 Qf2+ 37. Kb1 Re2 38. Rxe2 Qxe2 39. Qe1 Qf3 40.
Qf1 Qb7+ 41. Ka2 Ke8 42. Rb1 Qc7 43. Qf2 Qd6 44. Qe1+ Be6 45. Rb2 Qf4 46. Qf2
Qe5 47. Re2 Qc5 48. Re4 1-0

[Event "POLFINAL MISTRZOSTW POLSKI JUNIOROW 2019 - C17"]
[Site "Ustron"]
[Date "1899-12-30"]
[Round "9.6"]
[White "Majocha, Piotr"]
[Black "Wloch, Mikolaj"]
[Result "1-0"]
[WhiteTitle "I++"]
[BlackTitle "I"]
[WhiteElo "1803"]
[BlackElo "1868"]

1. c4 e5 2. Nc3 Nf6 3. Nf3 Nc6 4. e4 d6 5. d4 exd4 6. Nxd4 Be7 7. Be2 O-O 8. Be3
Nxd4 9. Bxd4 c6 10. O-O Qa5 11. f4 Nd7 12. Kh1 f5 13. exf5 Qxf5 14. Bd3 Qf7 15.
Ne4 h6 16. Bc2 Nc5 17. Nxc5 dxc5 18. Be5 Bf5 19. b3 Rad8 20. Qe2 Bxc2 21. Qxc2
Bf6 22. Rae1 Bxe5 23. Rxe5 Rd4 24. g3 Rfd8 25. Rf2 Re8 26. Rxe8+ Qxe8 27. Re2
Qd7 28. Kg2 Kf7 29. Qc3 Rd3 30. Qe5 Rd2 31. Qe3 Rxe2+ 32. Qxe2 Qd4 33. f5 Qd6
34. Kf3 Kf6 35. g4 a6 36. h3 b6 37. Qe8 Qd3+ 38. Kg2 Qd2+ 39. Kg3 Qd6+ 40. Kh4
Qe5 41. Qf8# 1-0

[Event "POLFINAL MISTRZOSTW POLSKI JUNIOROW 2019 - C17"]
[Site "Ustron"]
[Date "1899-12-30"]
[Round "9.7"]
[White "Bojczewski, Mateusz"]
[Black "Kukula, Karol"]
[Result "1-0"]
[WhiteTitle "I+"]
[BlackTitle "I"]
[WhiteElo "1895"]
[BlackElo "1757"]

1. e4 c5 2. Nf3 d6 3. d4 cxd4 4. Nxd4 Nf6 5. Nc3 g6 6. Be3 Bg7 7. Be2 Nc6 8. O-O
O-O 9. Kh1 Bd7 10. f3 Rc8 11. Nxc6 bxc6 12. Qd2 Qc7 13. Rfd1 Rb8 14. Rab1 Rfd8
15. Bd4 e5 16. Bf2 Be6 17. b3 Rd7 18. Na4 d5 19. Nc5 Rbd8 20. Nxd7 Rxd7 21. exd5
cxd5 22. Bb5 Rd8 23. Bh4 Rc8 24. Bd3 e4 25. fxe4 Nxe4 26. Bxe4 dxe4 27. c4 Be5
28. Qe3 Bf5 29. Bg3 Bxg3 30. hxg3 Qa5 31. Rd2 Bg4 32. a4 a6 33. Rd5 Qb4 34. Qxe4
Bf5 35. Qe1 Qf8 36. Rc1 Qh6+ 37. Kg1 Qg5 38. c5 Qg4 39. c6 Be6 40. Rd3 Qb4 41.
Qxb4 1-0

[Event "POLFINAL MISTRZOSTW POLSKI JUNIOROW 2019 - C17"]
[Site "Ustron"]
[Date "1899-12-30"]
[Round "9.8"]
[White "Rogala, Milosz"]
[Black "Sandomierski, Cyprian"]
[Result "1-0"]
[WhiteTitle "II+"]
[BlackTitle "I"]
[WhiteElo "1812"]
[BlackElo "1645"]

1. Nf3 Nf6 2. d4 e6 3. g3 c5 4. c3 Nc6 5. Bg2 d5 6. O-O Qb6 7. a3 c4 8. Nbd2 Na5
9. Re1 Bd7 10. Ne5 Bd6 11. f4 Bc6 12. e4 Bxe5 13. fxe5 Nd7 14. Kh1 O-O-O 15. Qe2
Rde8 16. exd5 Bxd5 17. Ne4 Bxe4 18. Bxe4 Qc7 19. Bf4 Nb6 20. Rf1 Qd7 21. Rf2 Nd5
22. Raf1 f5 23. exf6 gxf6 24. Bh6 f5 25. Bg2 Re7 26. Qe5 Rhe8 27. Bxd5 exd5 28.
Qxf5 Qxf5 29. Rxf5 Re2 30. R1f2 Nc6 31. Kg2 Rxf2+ 32. Kxf2 Rd8 33. g4 Kc7 34.
Bf4+ Kc8 35. h4 Rd7 36. Kf3 b6 37. h5 Kb7 38. g5 Nd8 39. Kg4 Ne6 40. Be5 Ka6 41.
g6 Ka5 42. Rf7 Rxf7 43. gxf7 Ka4 44. Kf5 Nf8 45. Bd6 Nd7 46. Ke6 1-0

[Event "POLFINAL MISTRZOSTW POLSKI JUNIOROW 2019 - C17"]
[Site "Ustron"]
[Date "1899-12-30"]
[Round "9.9"]
[White "Zareba, Maciej"]
[Black "Skowron, Mateusz"]
[Result "0-1"]
[WhiteTitle "I"]
[BlackTitle "I"]
[WhiteElo "1796"]
[BlackElo "1582"]

1. e4 c6 2. d4 d5 3. exd5 cxd5 4. c4 Nf6 5. Nc3 e6 6. Nf3 Be7 7. c5 O-O 8. Bf4
b6 9. b4 Ne4 10. Qc2 f5 11. Bxb8 Rxb8 12. Ne5 Ra8 13. Nxe4 dxe4 14. Nc6 Qc7 15.
b5 Bf6 16. Rd1 Bd7 17. cxb6 Qxb6 18. Bc4 Kh8 19. Qb3 Bxc6 20. bxc6 Qxc6 21. d5
exd5 22. Bxd5 Qc3+ 23. Qxc3 Bxc3+ 24. Ke2 Rab8 25. Bb3 Rfd8 26. Rxd8+ Rxd8 27.
Rc1 Bf6 28. Rc7 Bd4 29. Rb7 f4 30. Re7 e3 31. fxe3 fxe3 32. Bc4 g6 33. h3 Bc5
34. Re4 Rd2+ 35. Kf3 Rf2+ 36. Kg4 Rxg2+ 37. Kf4 Kg7 38. Re5 Bb6 39. Re7+ Kf8 40.
Re6 Kg7 41. Re7+ Kf8 42. Re6 Rf2+ 43. Ke4 Rh2 44. Kd3 Rxh3 45. Rf6+ Kg7 46. Rf7+
Kh6 47. Re7 Kg5 48. Re4 h5 49. Bb5 h4 50. Bc4 Rg3 51. Re5+ Kh6 52. Ke2 h3 53.
Re8 Kg5 54. Rh8 Rg2+ 55. Kf1 e2+ 0-1

[Event "POLFINAL MISTRZOSTW POLSKI JUNIOROW 2019 - C17"]
[Site "Ustron"]
[Date "1899-12-30"]
[Round "9.10"]
[White "Grzegorski, Michal"]
[Black "Ossolinski, Ziemowit"]
[Result "0-1"]
[WhiteTitle "I"]
[BlackTitle "I+"]
[WhiteElo "1747"]
[BlackElo "1765"]

1. e4 c5 2. Nf3 e6 3. d4 cxd4 4. Nxd4 a6 5. c4 Nf6 6. Nc3 Bb4 7. Bd3 Nc6 8. Nc2
Bc5 9. O-O O-O 10. Be3 d6 11. a3 e5 12. b4 Bxe3 13. Nxe3 Be6 14. Be2 Nd4 15. f4
Rc8 16. fxe5 dxe5 17. Ned5 Nxd5 18. exd5 Bf5 19. Bd3 Qg5 20. Bxf5 Nxf5 21. Rf3
Rxc4 22. Qd3 Nd6 23. Re1 Rfc8 24. Ne4 Nxe4 25. Rxe4 Rc1+ 26. Kf2 R8c2+ 27. Re2
Qh4+ 28. Rg3 Rxe2+ 29. Kxe2 Qf4 30. Rf3 Qxh2 31. d6 Qxg2+ 32. Rf2 Qg4+ 33. Kd2
Rd1+ 0-1

[Event "POLFINAL MISTRZOSTW POLSKI JUNIOROW 2019 - C17"]
[Site "Ustron"]
[Date "1899-12-30"]
[Round "9.11"]
[White "Dytman, Radoslaw"]
[Black "Namyslak, Piotr"]
[Result "0-1"]
[WhiteTitle "I"]
[BlackTitle "I"]
[WhiteElo "1758"]
[BlackElo "1725"]

1. Nf3 b6 2. g3 Bb7 3. Bg2 e6 4. d3 d5 5. Nbd2 c5 6. O-O Nc6 7. e4 Nf6 8. e5 Nd7
9. Re1 Qc7 10. Qe2 O-O-O 11. c3 Be7 12. b3 g5 13. Nf1 g4 14. Ng5 Ncxe5 15. d4
Rhg8 16. Nxe6 fxe6 17. Bf4 Nf3+ 18. Bxf3 Qxf4 19. Bxd5 Qf6 20. Bxe6 Rg7 21. Bxg4
Rf8 22. Ne3 Bd8 23. Rad1 Kb8 24. dxc5 Nxc5 25. Nf5 Qc6 26. f3 Rxg4 27. Nd4 Rxd4
28. cxd4 Nd7 29. d5 Qc5+ 30. Qe3 Rxf3 31. Qxc5 bxc5 32. Re8 Kc7 33. d6+ Kc8 34.
Rf1 Rd3 35. Rf7 Rxd6 36. Rg7 Nf6 37. Rf8 Rd7 38. Rxd7 Kxd7 39. Rf7+ Be7 40. g4
Be4 41. Rg7 Bg6 42. g5 Ne8 43. Rg8 Ke6 44. h4 Kf7 45. Rh8 Kg7 0-1

[Event "POLFINAL MISTRZOSTW POLSKI JUNIOROW 2019 - C17"]
[Site "Ustron"]
[Date "1899-12-30"]
[Round "9.12"]
[White "Tomkowicz, Kamil"]
[Black "Lambrecht, Tomasz"]
[Result "0-1"]
[WhiteTitle "I"]
[BlackTitle "I"]
[WhiteElo "1616"]
[BlackElo "1745"]

1. Nf3 c5 2. e4 g6 3. d4 Bg7 4. c4 Qb6 5. dxc5 Qxc5 6. Be2 d6 7. Qc2 Nc6 8. a3
Qb6 9. Nc3 Nf6 10. h3 O-O 11. Be3 Qc7 12. Nd5 Qd8 13. O-O Bd7 14. Rac1 Rc8 15.
b4 b6 16. Nxf6+ Bxf6 17. Qd2 Qc7 18. Nd4 Nxd4 19. Bxd4 Bxd4 20. Qxd4 a5 21. f4
e5 22. Qe3 exf4 23. Qxf4 Be6 24. h4 axb4 25. axb4 Qe7 26. Qe3 Qxh4 27. Qxb6 Qxe4
28. Bf3 Qe5 29. Rfe1 Qf4 30. c5 Rb8 31. Qxd6 Qxd6 32. cxd6 Rxb4 33. Red1 Rd8 34.
Rc7 Rb6 35. Bc6 Kg7 36. d7 Kf6 37. Bb7 Ke7 38. Bc6 h5 39. Kf2 Bg4 40. Rd2 Rb1
41. Ba4 Rb4 42. Bc6 Rf4+ 43. Kg3 Rf6 44. Rd3 Rd6 45. Re3+ Be6 46. Rc8 Rd4 47.
Re2 Rb4 48. Rd2 Rxc8 49. dxc8=R Bxc8 50. Re2+ Kf6 51. Rf2+ Kg7 52. Ra2 Bb7 53.
Bd7 Bd5 54. Rd2 Bb7 55. Be8 Re4 56. Bd7 Re7 57. Bb5 g5 58. Be2 Kg6 59. Rd6+ f6
60. Kf2 Bxg2 61. Bxh5+ Kxh5 62. Rxf6 Bd5 63. Rd6 Rf7+ 64. Kg3 Rf3+ 65. Kh2 Rd3
66. Ra6 Kh4 67. Rh6+ Kg4 68. Rb6 Rd2+ 69. Kg1 Kg3 70. Kf1 Bf3 0-1

[Event "POLFINAL MISTRZOSTW POLSKI JUNIOROW 2019 - C17"]
[Site "Ustron"]
[Date "1899-12-30"]
[Round "9.13"]
[White "Golinski, Kacper"]
[Black "Szeliga, Sebastian"]
[Result "1/2-1/2"]
[WhiteTitle "I"]
[BlackTitle "I"]
[WhiteElo "1736"]
[BlackElo "1473"]

1. e4 c5 2. Nf3 Nc6 3. Bb5 e5 4. O-O Bd6 5. c3 a6 6. Ba4 b5 7. Bc2 Nge7 8. d4 cxd4
9. cxd4 exd4 10. Bb3 O-O 11. Nxd4 Bc5 12. Be3 Qb6 13. Nc2 Na5 14. Bd5 Nac6 15.
Nc3 Bxe3 16. Nxe3 Bb7 17. Qg4 b4 18. Ne2 Ne5 19. Qg3 Nxd5 20. exd5 Qf6 21. Nf4
Ng6 22. Nd3 Qb6 23. h4 Ne7 24. d6 Nc6 25. Nf5 g6 26. h5 Nd4 27. Ne7+ Kh8 28. Qe5+
f6 29. Qc5 Qxc5 30. Nxc5 Bc6 31. Nxc6 Nxc6 32. Nxd7 Rfd8 33. Nb6 Rab8 34. Nc4
Ne5 35. Nxe5 fxe5 36. hxg6 hxg6 37. Rad1 Rb6 38. Rfe1 Rbxd6 39. Rxd6 Rxd6 40.
Rxe5 Rd2 41. Ra5 Rxb2 42. Rxa6 Kg7 43. g3 Rb1+ 44. Kg2 b3 45. axb3 Rxb3 46. f3
Rc3 47. g4 Rb3 48. Kg3 g5 49. Rd6 Rb2 50. Rd4 Kg6 51. Rd6+ Kg7 52. Rd3 Rb4 53.
Kf2 Kg6 54. Ke3 Ra4 55. Rd4 Ra3+ 56. Ke4 Ra1 57. Rd6+ Kg7 58. Re6 Rf1 59. Kf5
Rxf3+ 60. Kxg5 Rf8 61. Re7+ Kg8 62. Kg6 Ra8 63. g5 Rb8 64. Re6 Ra8 1/2-1/2

[Event "POLFINAL MISTRZOSTW POLSKI JUNIOROW 2019 - C17"]
[Site "Ustron"]
[Date "1899-12-30"]
[Round "9.14"]
[White "Wierzbicki, Michal"]
[Black "Marciniak, Leonard"]
[Result "1-0"]
[WhiteTitle "I++"]
[BlackTitle "I+"]
[WhiteElo "1969"]
[BlackElo "1634"]

1. d4 Nf6 2. Nf3 e6 3. c4 b6 4. g3 Bb7 5. Bg2 Be7 6. O-O O-O 7. Nc3 Ne4 8. Qc2
Nxc3 9. Qxc3 f5 10. b3 d6 11. Bb2 Bf6 12. Rfd1 Nd7 13. Ng5 Bxg5 14. Bxb7 Rb8 15.
Bc6 a5 16. f4 Bf6 17. Qc2 Qe7 18. Kh1 g6 19. Rd2 Bg7 20. Bxd7 Qxd7 21. e4 c6 22.
exf5 exf5 23. d5 Bxb2 24. Qxb2 c5 25. Re1 Rbe8 26. Rde2 Rxe2 27. Qxe2 Kf7 28.
Qe6+ Qxe6 29. Rxe6 Rd8 30. a4 Rd7 31. Kg2 Rd8 32. Kf3 Rd7 33. g4 Rd8 34. Kg3 fxg4
35. Kxg4 Rd7 36. h4 Kf8 37. h5 gxh5+ 38. Kxh5 Kf7 39. Kh6 Rd8 40. f5 Rd7 41. Kxh7
Rd8 42. f6 Rd7 43. Re7+ Rxe7 44. fxe7 Ke8 45. Kg6 Kxe7 46. Kg7 Kd8 47. Kf6 Kc8
48. Ke6 Kc7 49. Ke7 1-0

[Event "POLFINAL MISTRZOSTW POLSKI JUNIOROW 2019 - C17"]
[Site "Ustron"]
[Date "1899-12-30"]
[Round "9.15"]
[White "Kukorowski, Jan"]
[Black "Cisek, Kamil"]
[Result "1/2-1/2"]
[WhiteTitle "I+"]
[BlackTitle "I+"]
[WhiteElo "1837"]
[BlackElo "1963"]

1. e4 e5 2. Nf3 Nc6 3. Bc4 Bc5 4. c3 Nf6 5. d3 d6 6. O-O h6 7. Nbd2 a6 8. Bb3 O-O
9. h3 Re8 10. Re1 Be6 11. Bxe6 Rxe6 12. Nf1 d5 13. d4 exd4 14. e5 Ne4 15. cxd4
Bb4 16. Re2 Ne7 17. N3h2 Nf5 18. a3 Ba5 19. Ne3 Nxe3 20. Bxe3 Bb6 21. Rc2 Qe7
22. f3 Ng3 23. Bf2 Rg6 24. Ng4 Nf5 25. f4 Qd7 26. Qd3 Ne7 27. e6 Rxe6 28. f5 Re4
29. f6 Nf5 30. fxg7 Kxg7 1/2-1/2

[Event "POLFINAL MISTRZOSTW POLSKI JUNIOROW 2019 - C17"]
[Site "Ustron"]
[Date "1899-12-30"]
[Round "9.16"]
[White "Grochowski, Michal"]
[Black "Wilgosz, Jan"]
[Result "1/2-1/2"]
[WhiteTitle "I"]
[BlackTitle "II"]
[WhiteElo "1778"]
[BlackElo "1477"]

1. c4 e5 2. g3 Nc6 3. Bg2 f5 4. e3 Nf6 5. Nc3 d5 6. cxd5 Nb4 7. d3 c6 8. a3 Nbxd5
9. Nge2 Bd6 10. O-O O-O 11. b4 Qe8 12. b5 Be6 13. Qa4 Bd7 14. Nxd5 Nxd5 15. bxc6
Bxc6 16. Qb3 Qf7 17. d4 Rac8 18. Bb2 Rfe8 19. dxe5 Bxe5 20. Bxe5 Rxe5 21. Nd4
Ne7 22. Qxf7+ Kxf7 23. Nxc6 Nxc6 24. Rab1 b6 25. Rfc1 Ne7 26. Rxc8 Nxc8 27. Rc1
Rc5 28. Rxc5 bxc5 29. Kf1 Ke6 30. Ke2 Nb6 31. Kd3 Ke5 32. h3 h6 33. f4+ Ke6 34.
e4 fxe4+ 35. Bxe4 Kf6 36. Bc6 Ke6 37. g4 Kf6 38. Ke4 a5 39. h4 Ke6 40. g5 hxg5
41. fxg5 Kd6 42. Be8 Nc4 43. h5 Ke7 44. h6 gxh6 45. gxh6 Kf6 46. Kd5 Nxa3 1/2-1/2